00838nam a2200217 a 4500001001000000003000500010005001700015008004100032010001100073011001100084040000900095100003100104245012400135260004100259500006000300502009400360650002500454650004400479650002700523856007000550000108571CHAP20231006131440.0140225s2012 mx sm |||||||spa d a105033 a106005 cCHAP1 aGutiérrez Santiago, Juan10aIntegración de conocimientos de las plantaciones forestales en Méxicoh[En línea]cpor Juan Gutiérrez Santiago. aChapingo, Méx. :bEl autor,c2012. aPara ver el contenido del material haga clic en la liga aTesis (Ing. Agr. Esp. Restauración Forestal) -- UACH. División de Ciencias Forestales14aEcologíazMéxico14aMedio ambientexProtecciónzMéxico.14aPlantación forestal. aFinding aiduhttp://10.13.5.2/tesis/sist108571.pdfzTeclea aquí